| 000 | 04827cam a22013214i 4500 | ||
|---|---|---|---|
| 003 | PE-LiUPU | ||
| 005 | 20250813185529.0 | ||
| 008 | 150625s2005 sp a rb 000 0 spa d | ||
| 020 | _a9788420541631 | ||
| 035 | _a(Sirsi) i9788420541631 | ||
| 040 |
_aPE-LiUPU _bspa _cPE-LiUPU _erda |
||
| 049 | _aPRUA | ||
| 082 | 0 | 4 |
_a370.7 _bM12 _221 |
| 082 | 0 | 4 |
_a370.78 _bM12 _221 |
| 100 | 1 |
_aMcMillan, James H., _eautor. |
|
| 245 | 1 | 0 |
_aInvestigación educativa : _buna introducción conceptual / _cJames H. McMillan y Sally Schumacher. |
| 250 | _a5a ed. | ||
| 264 | 1 |
_aMadrid : _bPearson Educación, _c2005. |
|
| 300 |
_a668 páginas : _bilustraciones ; _c24 centímetros |
||
| 336 |
_atext _2rdacontent |
||
| 337 |
_aunmediated _2rdamedia |
||
| 338 |
_avolume _2rdacarrier |
||
| 504 | _aIncluye referencias bibliográficas. | ||
| 505 | 0 | _aPrincipios fundamentales de la investigación educativa -- Introducción al campo de la investigación educativa -- Modalidades de investigación, técnicas de recogida de datos e informes de investigación -- Temas de investigación: enunciados, preguntas e hipótesis -- Diseños y métodos de investigación cuantitativa -- Introducción al diseño de investigación cuantitativa -- Estadística descriptiva -- Técnicas de recogida de datos cuantitativos -- Diseños de investigación no experimental y encuestas -- Diseños de investigación experimentales y de caso único -- Estadística inferencial -- Diseños y métodos de investigación cualitativa -- Introducción al diseño de investigación cualitativa -- Estrategias cualitativas -- Análisis de datos cualitativos -- Investigación analítica -- Análisis de conceptos e investigación histórica -- Diseños y métodos de investigación política y evaluativa -- Investigación evaluativa y análisis político. . | |
| 526 | _aP202 | ||
| 526 | _aP201 | ||
| 526 | _aP163 | ||
| 526 | _aP162 | ||
| 526 | _aP161 | ||
| 526 | _aP160 | ||
| 526 | _aP148 | ||
| 526 | _aP147 | ||
| 526 | _aP146 | ||
| 526 | _aP145 | ||
| 526 | _aP144 | ||
| 526 | _aP143 | ||
| 526 | _aP142 | ||
| 526 | _aP141 | ||
| 526 | _aP140 | ||
| 526 | _aP139 | ||
| 526 | _aP138 | ||
| 526 | _aP137 | ||
| 526 | _aP136 | ||
| 526 | _aP135 | ||
| 526 | _aP134 | ||
| 526 | _aP133 | ||
| 526 | _aP129 | ||
| 526 | _aP128 | ||
| 526 | _aP127 | ||
| 526 | _aP120 | ||
| 526 | _aP119 | ||
| 526 | _aP118 | ||
| 526 | _aP116 | ||
| 526 | _aP115 | ||
| 526 | _aP114 | ||
| 526 | _aP110 | ||
| 526 | _aP109 | ||
| 526 | _aP108 | ||
| 526 | _aP104 | ||
| 526 | _aP103 | ||
| 526 | _aP102 | ||
| 526 | _aP99 | ||
| 526 | _aP98 | ||
| 526 | _aP97 | ||
| 526 | _aP96 | ||
| 526 | _aP95 | ||
| 526 | _aP93 | ||
| 526 | _aP90 | ||
| 526 | _aP89 | ||
| 526 | _aP88 | ||
| 526 | _aP83 | ||
| 526 | _aP82 | ||
| 526 | _aP62 | ||
| 526 | _aP59 | ||
| 526 | _aP58 | ||
| 526 | _aP57 | ||
| 526 | _aP51 | ||
| 526 | _aP49 | ||
| 526 | _aP48 | ||
| 526 | _aP47 | ||
| 526 | _aP29 | ||
| 526 | _aP24 | ||
| 526 | _aP20 | ||
| 526 | _aP19 | ||
| 526 | _aP17 | ||
| 526 | _aP15 | ||
| 526 | _aP14 | ||
| 526 | _aP12 | ||
| 526 | _aP10 | ||
| 526 | _aP09 | ||
| 526 | _aP08 | ||
| 526 | _aP07 | ||
| 526 | _aP06 | ||
| 526 | _aP05 | ||
| 526 | _aP04 | ||
| 526 | _aP01 | ||
| 541 | _g001-000324; | ||
| 541 | _g001-000235; | ||
| 541 | _g001-00003175; | ||
| 650 | 0 | 4 |
_aEducación _xInvestigación _vMetodología. |
| 700 | 1 |
_aSchumacher, Sally, _eautor. |
|
| 910 |
_bjv _clch _d20080111 |
||
| 910 |
_btqv _caic _d20161212 |
||
| 942 |
_2ddc _cBOOK |
||
| 949 |
_a370.7 M12 _wDEWEY _c1 _iFJ04867 _lCCODEBUJ1 _mBUJ _p12.00 _r0 _sY _tBOOK _u2016-12-12 _xEDUCACION _PP20 _0COMPRA _o.STAFF. Colección General Juliaca |
||
| 949 |
_a370.78 M12 _wDEWEY _c1 _i58357 _lCCODEBUL1 _mBUL _p37.00 _r0 _sY _tBOOK _u2015-6-25 _xEDUCACION _PP20 _0COMPRA _o.STAFF. Colección General |
||
| 949 |
_a370.78 M12 _wDEWEY _c2 _i57724 _d2015-9-17 _e2015-9-9 _lCCODEBUL1 _mBUL _n1 _p32.00 _r0 _sY _tBOOK _u2015-6-25 _xEDUCACION _PP20 _0COMPRA _o.STAFF. Colección General |
||
| 994 |
_aC0 _bPEPRU |
||
| 596 | _a1 3 | ||
| 999 |
_a370.78 M12 _wDEWEY _c46729 _i58357 _f2021-11-8 _g5 _lCCODEBUL1 _mBUL _p37.00 _r0 _sY _tBOOK _u2015-6-25 _xEDUCACION _PP20 _0COMPRA _o.STAFF. Colección General _d46729 |
||
| 999 |
_a370.78 M12 _wDEWEY _c2 _i57724 _d2019-11-19 _e2015-9-9 _f2021-11-8 _g5 _lCCODEBUL1 _mBUL _n1 _p32.00 _q1 _r0 _sY _tBOOK _u2015-6-25 _xEDUCACION _PP20 _0COMPRA _o.STAFF. Colección General |
||
| 999 |
_a370.7 M12 _wDEWEY _c1 _iFJ04867 _d2019-4-24 _f2022-1-18 _g3 _lCCODEBUJ1 _mBUJ _p12.00 _q3 _r0 _sY _tBOOK _u2016-12-12 _xEDUCACION _PP20 _0COMPRA _o.STAFF. Colección General Juliaca |
||
| 980 |
_81 _gALBERTO SANCHEZ Responsable de Automatización |
||